| 000 | 01175cam a2200373 i 4500 | ||
|---|---|---|---|
| 001 | 18393275 | ||
| 003 | OSt | ||
| 005 | 20230605131710.0 | ||
| 008 | 141203s2014 enk b 001 0 eng | ||
| 010 | _a 2014471348 | ||
| 020 | _a9780414025653 | ||
| 040 |
_aDLC _beng _cDLC _erda |
||
| 042 | _apcc | ||
| 043 | _ae-uk--- | ||
| 050 | 0 | 0 | _aKD1949.W55 |
| 245 | 0 | 0 |
_aWinfield and Jolowicz on tort. / _cEdwin Peel and James Goudkamp. |
| 246 | 1 | 4 | _aWinfield & Jolowicz tort. / |
| 250 | _a19th ed. | ||
| 264 | 1 |
_aLondon : _bSweet & Maxwell, _c2014. |
|
| 300 |
_aclvii, 852 p. ; _c24 cm |
||
| 336 |
_atext _btxt _2rdacontent |
||
| 337 |
_aunmediated _bn _2rdamedia |
||
| 338 |
_avolume _bnc _2rdacarrier |
||
| 504 | _aIncludes bibliographical references and index. | ||
| 505 | _aContents: | ||
| 650 | 0 |
_aTorts _zGreat Britain. _91575 |
|
| 700 | 1 |
_aPeel, Edwin. _91576 |
|
| 700 | 1 |
_aGoudkamp, James, _91577 |
|
| 700 | 1 |
_aWinfield, Percy Henry, _91578 |
|
| 700 | 1 |
_aJolowicz, J. A. _q(John Anthony) _91579 |
|
| 906 |
_a7 _bcbc _corigcop _d2 _encip _f20 _gy-gencatlg |
||
| 942 |
_2lcc _cBK |
||
| 999 |
_c9656 _d17156 |
||